| 000 | 01113cam a22003137a 4500 | ||
|---|---|---|---|
| 005 | 20220329141211.0 | ||
| 008 | 971010s1988 r 00010 d | ||
| 010 | _a64265 | ||
| 011 | _a65237 | ||
| 035 | _a71566 | ||
| 090 | _aTesis | ||
| 100 | 0 | 0 |
_aMorales Hurtado, Eva. _978306 |
| 245 | 0 | _aUso de acondicionadores físicos para modificar algunas propiedades físicas de un vertisol pélico en Jilotepec, Edo. de México | |
| 260 |
_aChapingo, Méx. : _bEl autor, _c1988 |
||
| 300 | _a107 h | ||
| 502 | _aTesis (Ing. Agr. Esp. en Suelos) -- UACH. Departamento de Suelos | ||
| 590 |
_aALEPH _b10 _c20130110 _lUCH01 _h1351 |
||
| 590 |
_aBATCH-UPD _b10 _c20130110 _lUCH01 _h1130 |
||
| 590 |
_aBATCH-UPD _b10 _c20130410 _lUCH01 _h0719 |
||
| 590 |
_aBATCH-UPD _b10 _c20130914 _lUCH01 _h2038 |
||
| 590 |
_aCONVERSION _b10 _c20130109 _lUCH01 _h1335 |
||
| 650 | 1 | 4 |
_aSuelos _xAgregados. _9110196 |
| 650 | 1 | 4 |
_aSuelos _xFísica de. _9110373 |
| 650 | 1 | 4 |
_aSuelos _xMejoramiento. _9110431 |
| 650 | 1 | 4 |
_aSuelos _zMéxico (Edo.). _9110525 |
| 650 | 1 | 4 |
_aVertisoles. _9118971 |
| 901 | _aBK | ||
| 949 |
_bS _cTES _d-4196 _eTS1 _i71566 _si |
||
| 999 |
_c64265 _d64265 |
||